| 000 | 01127nam a2200265 i 4500 | ||
|---|---|---|---|
| 001 | 189886 | ||
| 003 | SpMaBN | ||
| 005 | 20240507134259.0 | ||
| 008 | 191217s1983 sp a |||| | spa d | ||
| 080 | _a75 Viladecans, Joan-Pere (064.3) | ||
| 100 | 1 |
_aViladecans, Joan-Pere. _9114750 |
|
| 245 | 1 | 0 |
_aViladecans _b: pinturas 1980/1982 : [exposición] febrero-abril 1983, Museo Español de Arte Contemporáneo / _c[textos de Salvador Espriu, M. Vázquez Montalbán ... et al.]. |
| 260 |
_a[Madrid] : _bDirección General de Bellas Artes y Archivos, _c[1983] |
||
| 300 |
_a103 p. : _bprincipalmente il. col. y n. ; _c29 cm. |
||
| 504 | _aBibliografía: p. 99-102. | ||
| 600 | 1 | 7 |
_aViladecans, Joan-Pere- _vExposiciones. _9114751 |
| 655 | 7 |
_2tgfbne _9193628 _aCatálogos de exposiciones |
|
| 700 | 1 |
_aEspriu, Salvador, _d1913-1985 _947947 |
|
| 700 | 0 |
_aVázquez Montalbán, Manuel, _d1939- _9113463 |
|
| 710 | 2 |
_aMuseo Español de Arte Contemporáneo. _95876 |
|
| 710 | 1 |
_aEspaña. _bDirección General de Bellas Artes y Archivos. _93708 |
|
| 852 |
_aES-MaACL _jL-32466 |
||
| 942 | _2udc | ||
| 999 |
_c189886 _d189886 |
||